| 000 | 00611cam a22002173a 4500 | ||
|---|---|---|---|
| 001 | 27652 | ||
| 003 | PGUSA | ||
| 005 | 20140828083610.0 | ||
| 008 | 081229s2008||||xxu|||||s|||||000 | eng d | ||
| 040 |
_aPGUSA _beng |
||
| 042 | _adc | ||
| 100 | 1 |
_aMay, Karl, _d1842-1912 |
|
| 245 | 1 | 0 |
_aDoor het land der Skipetaren _h[electronic resource] / _cKarl May |
| 260 |
_bProject Gutenberg, _c2008 |
||
| 506 | _aPublic domain in the USA. | ||
| 516 | _aElectronic text | ||
| 700 | 1 |
_aSluijters, Jan, _d1881-1957 |
|
| 830 | 0 |
_aProject Gutenberg _v27652 |
|
| 856 | 4 | 0 | _uhttp://www.gutenberg.org/ebooks/27652 |
| 942 | _cEB | ||
| 999 |
_c256907 _d256907 |
||